| 000 | 01074nam a22002537a 4500 | ||
|---|---|---|---|
| 999 |
_c63810 _d63810 |
||
| 005 | 20240530110700.0 | ||
| 008 | 171225s2015 ua a f b 000 0dara d | ||
| 017 |
_a2015/8620 _bمصر. دار الكتب |
||
| 020 | _a9789779202396 | ||
| 040 |
_aEG-CaGPL _cEG-CaGPL |
||
| 082 | 0 | 4 |
_221 _a962.054 _bق/ك ق |
| 100 | 1 | _aكوبر ، ارتيميس | |
| 245 | 1 | 2 |
_aالقاهرة فى الحرب العالمية الثانية 1939 - 1945 / _cتأليف ارتيميس كوبر ؛ ترجمة محمد الخولى . |
| 250 | _aط.1 | ||
| 260 |
_aالقاهرة : _bالمركز القومى للترجمة ، _c2015 . |
||
| 300 |
_a428 ص. ؛ _c24 سم. |
||
| 490 |
_aالمركز القومى للترجمة ؛ _v2730 |
||
| 650 | 0 | 7 |
_2qrmak _aالحرب العالمية الثانية _zمصر |
| 651 |
_2qrmak _aمصر _xتاريخ _yالحرب العالمية الثانية |
||
| 651 |
_2qrmak _aمصر _xالاحوال السياسية |
||
| 700 | 0 |
_aمحمد الخولى _eمترجم |
|
| 942 |
_2ddc _cBK |
||